Manual de derecho político
Gespeichert in:
| 1. Verfasser: | |
|---|---|
| Weitere Verfasser: | |
| Format: | Buch |
| Sprache: | Spanisch |
| Veröffentlicht: |
Santiago
Jurídica de Chile
1988
|
| Ausgabe: | 2a. ed |
| Schriftenreihe: | Manuales jurídicos, 71, 81
|
| Schlagworte: | |
| Tags: |
Tag hinzufügen
Keine Tags, Fügen Sie den ersten Tag hinzu!
|
MARC
| LEADER | 00000nam a2200000 a 4500 | ||
|---|---|---|---|
| 001 | UCX4799 | ||
| 003 | CL-VaPUC | ||
| 008 | 920730e19880000CL |||||||||||||||||spa|d | ||
| 082 | 0 | 4 | |a 320.983 |b VER |2 21 |
| 100 | 0 | |a Verdugo Marinkovic, Mario |e author |9 321080 | |
| 700 | |a García Barzelatto, Ana María |e autora |9 602717 | ||
| 245 | 1 | 0 | |a Manual de derecho político |
| 250 | |a 2a. ed | ||
| 300 | |a 2 v | ||
| 942 | |c BK | ||
| 945 | |d 19920730 00:00:00 | ||
| 260 | |a Santiago |b Jurídica de Chile |c 1988 | ||
| 500 | |a v.1: Instituciones políticas | ||
| 500 | |a v.2: Las fuerzas políticas y los regímenes políticos | ||
| 650 | 0 | |a Derecho constitucional |9 222588 | |
| 650 | 0 | |a Derecho público |9 255910 | |
| 583 | |a last modification |c 19920730 00:00:00 |k Rodrigo Vera | ||
| 490 | 0 | |a Manuales jurídicos, 71, 81 | |
| 999 | |c 225189 |d 225187 | ||
| 952 | |0 0 |1 0 |4 0 |6 320_983000000000000_VER_1988 |7 0 |8 A |9 222513 |a BIBHIS |b BIBHIS |d 2019-11-15 |h v.1 |i 2913178 |o 320.983 VER 1988 |p 2913178 |r 2025-01-20 |w 2019-11-15 |y BK |k HIS | ||
| 952 | |0 0 |1 0 |4 0 |6 320_983000000000000_VER_1988 |7 0 |8 A |9 222514 |a BIBHIS |b BIBHIS |d 2019-11-15 |h v.2 |i 2913186 |o 320.983 VER 1988 |p 2913186 |r 2025-01-20 |w 2019-11-15 |y BK |k HIS | ||